[Event "Vleugelgambiet"]
[Site "http://www.queenalice.com/game.php?id=1409518"]
[Date "2016.2.16"]
[Round "-"]
[White "Paulzinho"]
[Black "JMCanedo"]
[Result "1/2-1/2"]
[WhiteElo "2260"]
[BlackElo "2298"]

1. e4 e6 2. Nf3 d5 3. e5 c5 4. b4 cxb4 5. a3 Nc6 6. axb4 Bxb4 7. c3 Be7 8. d4 f6
9. Bd3 fxe5 10. dxe5 Qc7 11. Qe2 Nh6 12. O-O O-O 13. Na3 Nf7 14. Nb5 Qb8 15. Re1
Bd7 16. Nbd4 Nxd4 17. Nxd4 g6 18. Ba3 Qd8 19. f4 Bxa3 20. Rxa3 Qe7 21. Rea1 Nd8
22. Qe3 Rc8 23. Rb3 a6 24. Be2 Qc5 25. g3 Rc7 26. Kf2 Nc6 27. Nxc6 Qxe3+ 28.
Kxe3 Bxc6 29. h4 h5 30. Kd4 Kg7 31. Rb6 Rfc8 32. Ra5 Kf7 33. Bd3 Bd7 34. Ra3 Bc6
1/2-1/2

[Event "Winning with the Dragon"]
[Site "http://www.queenalice.com/game.php?id=1412291"]
[Date "2016.3.5"]
[Round "-"]
[White "JMCanedo"]
[Black "Paulzinho"]
[Result "1/2-1/2"]
[WhiteElo "2299"]
[BlackElo "2282"]

1. e4 c5 2. Nf3 d6 3. d4 cxd4 4. Nxd4 Nf6 5. Nc3 g6 6. Be3 Bg7 7. f3 O-O 8. Qd2
Nc6 9. O-O-O d5 10. exd5 Nxd5 11. Nxc6 bxc6 12. Bd4 Bxd4 13. Qxd4 Qb6 14. Na4
Qc7 15. Bc4 Rd8 16. Bb3 Be6 17. Nc5 Nf4 18. Nxe6 Nxe6 19. Qe3 Nf4 20. g3 Nd5 21.
Qc5 Qb6 22. Qxb6 1/2-1/2

[Event "Challenge"]
[Site "http://www.queenalice.com/game.php?id=1417011"]
[Date "2016.4.6"]
[Round "-"]
[White "eddval"]
[Black "JMCanedo"]
[Result "0-1"]
[WhiteElo "2275"]
[BlackElo "2286"]

1. e4 e6 2. d4 d5 3. Nd2 Nf6 4. e5 Nfd7 5. Bd3 c5 6. c3 Nc6 7. Ne2 cxd4 8. cxd4
f6 9. exf6 Nxf6 10. O-O Bd6 11. Nf3 Qc7 12. Nc3 a6 13. Bg5 O-O 14. Rc1 Bd7 15.
Bb1 Be8 16. Re1 Bh5 17. Rxe6 Bxf3 18. Qxf3 Nxd4 19. Qh3 Bxh2+ 20. Kh1 Nxe6 21.
Qxe6+ Kh8 22. Nxd5 Qe5 23. Qxe5 Bxe5 24. Nb6 Rad8 25. b3 Bd4 26. Nc4 Bxf2 27.
Ne5 Rd5 28. Bf4 Bd4 29. Nf3 Rh5+ 30. Bh2 Be3 31. Rc4 b5 32. Rc3 Ng4 33. g3 Nxh2
34. Nxh2 Rf1+ 0-1

[Event "Challenge"]
[Site "http://www.queenalice.com/game.php?id=1417749"]
[Date "2016.4.10"]
[Round "-"]
[White "JMCanedo"]
[Black "Albator007"]
[Result "0-1"]
[WhiteElo "2306"]
[BlackElo "2428"]

1. e4 c5 2. Nf3 Nc6 3. d4 cxd4 4. Nxd4 Nf6 5. Nc3 e5 6. Ndb5 d6 7. Bg5 a6 8. Na3
b5 9. Bxf6 gxf6 10. Nd5 f5 11. Bd3 Be6 12. O-O Bxd5 13. exd5 Ne7 14. c3 Bg7 15.
Qh5 e4 16. Bc2 O-O 17. Rae1 Qc8 18. f3 b4 19. Nb1 Nxd5 20. fxe4 Qc5+ 21. Kh1 Ne3
22. cxb4 Qd4 23. Rxe3 Qxe3 24. exf5 Rfc8 25. Nc3 Bxc3 26. bxc3 f6 27. Bb3+ Kh8
28. c4 Qc3 29. b5 axb5 30. cxb5 Qd3 31. Re1 Qxb5 32. h3 Re8 33. Be6 d5 34. Qh4
Rf8 35. Re3 Ra4 36. Qh6 Qf1+ 37. Kh2 Qf4+ 38. Qxf4 Rxf4 39. Bxd5 Rxf5 40. Bb3
Re5 41. Rd3 Rfe8 42. Rd4 Kg7 43. a4 f5 44. Rd6 Re3 45. Bc2 R8e5 46. Bd3 Rc5 47.
Kg1 Re1+ 48. Kf2 Ra1 49. Rd7+ Kf6 50. Rxh7 Ra2+ 51. Ke3 Rxg2 52. Rh8 Rg3+ 53.
Kd4 Rc1 54. Bb5 Rd1+ 55. Kc4 Rg7 56. Rf8+ Ke5 57. Re8+ Kf4 58. Kc5 Rc1+ 59. Kb6
Rg6+ 60. Kb7 Rf6 61. Rd8 Kg3 0-1

[Event "Frans Vleugelgambiet"]
[Site "http://www.queenalice.com/game.php?id=1422025"]
[Date "2016.5.8"]
[Round "-"]
[White "Paulzinho"]
[Black "JMCanedo"]
[Result "1/2-1/2"]
[WhiteElo "2255"]
[BlackElo "2304"]

1. e4 e6 2. Nf3 d5 3. e5 c5 4. b4 cxb4 5. a3 bxa3 6. d4 Nc6 7. c3 Bd7 8. Bd3 b5
9. Nxa3 b4 10. cxb4 Nxb4 11. Be2 Rb8 12. O-O Ne7 13. Nc2 Nec6 14. Nxb4 Bxb4 15.
Bg5 Be7 16. Bxe7 Qxe7 17. Qd2 O-O 18. Bd3 f5 19. exf6 gxf6 20. Rfc1 Rb7 21. h3
Rfb8 22. Ra6 Nb4 23. Ra5 Nxd3 24. Qxd3 Bb5 25. Qe3 a6 26. Ra3 Re8 27. Rac3 Kh8
28. Rc8 a5 29. Nh2 a4 30. Ng4 a3 31. Rxe8+ Bxe8 32. Ra1 Ra7 33. Qf4 e5 34. dxe5
fxe5 35. Nxe5 Ra4 36. Qf5 a2 37. f4 Kg7 38. Qg4+ Bg6 39. h4 Kh6 40. Qe2 Qc7 41.
Kh2 Bb1 42. h5 Qc3 43. Ng4+ Kxh5 44. Ne5+ Kh6 45. Ng4+ Kh5 46. Ne5+ 1/2-1/2

[Event "Challenge"]
[Site "http://www.queenalice.com/game.php?id=1422029"]
[Date "2016.5.8"]
[Round "-"]
[White "JMCanedo"]
[Black "Paulzinho"]
[Result "0-1"]
[WhiteElo "2295"]
[BlackElo "2229"]

1. e4 c5 2. Nf3 d6 3. d4 cxd4 4. Nxd4 Nf6 5. Nc3 g6 6. Be3 Bg7 7. f3 O-O 8. Qd2
Nc6 9. Bc4 Bd7 10. O-O-O Rb8 11. Bb3 Na5 12. h4 b5 13. Kb1 Nc4 14. Bxc4 bxc4 15.
g4 Qb6 16. b3 Qc7 17. Bg5 Be6 18. h5 Rfc8 19. Rc1 Qc5 20. hxg6 hxg6 21. Nxe6
fxe6 22. Bh6 Bxh6 23. Rxh6 Kg7 24. g5 Nh5 25. f4 a5 26. Na4 Qb4 27. Qe3 Qxa4 28.
f5 cxb3 29. Rxg6+ Kf7 30. axb3 Rxc2 31. Kxc2 Qa2+ 32. Kd1 Rxb3 33. Qe2 Qa4 34.
Qc4 Rb4+ 35. Qc2 Rd4+ 36. Ke1 Rxe4+ 37. Kd1 Qd4+ 38. Qd2 Qg1+ 39. Kc2 Rc4+ 0-1

[Event "Challenge"]
[Site "http://www.queenalice.com/game.php?id=1442683"]
[Date "2016.9.24"]
[Round "-"]
[White "Albator007"]
[Black "JMCanedo"]
[Result "1/2-1/2"]
[WhiteElo "2403"]
[BlackElo "2303"]

1. e4 e6 2. d4 d5 3. Nc3 Bb4 4. e5 c5 5. a3 Bxc3+ 6. bxc3 Ne7 7. a4 Nbc6 8. Nf3
Qa5 9. Bd2 Bd7 10. Bb5 Qc7 11. O-O b6 12. Re1 O-O 13. Bd3 h6 14. Nh4 f5 15. Re3
Be8 16. Rg3 f4 17. Rg4 Kh8 18. Bxf4 Bh5 19. Rxg7 Bxd1 20. Bxh6 Nxe5 21. Rh7+ Kg8
22. Rg7+ Kh8 23. Rh7+ 1/2-1/2

[Event "Challenge"]
[Site "http://www.queenalice.com/game.php?id=1447635"]
[Date "2016.11.3"]
[Round "-"]
[White "Tadek"]
[Black "JMCanedo"]
[Result "0-1"]
[WhiteElo "2282"]
[BlackElo "2281"]

1. e4 e6 2. d4 d5 3. Nc3 Bb4 4. e5 c5 5. a3 Bxc3+ 6. bxc3 Ne7 7. Qg4 Qc7 8. Qxg7
Rg8 9. Qxh7 cxd4 10. Ne2 Nbc6 11. f4 dxc3 12. Qd3 d4 13. Nxd4 Nxd4 14. Qxd4 Bd7
15. g3 Nf5 16. Qf2 Bc6 17. Bg2 O-O-O 18. O-O Bxg2 19. Kxg2 Rg6 20. Be3 Qc6+ 21.
Kg1 Nxg3 0-1

[Event "Challenge"]
[Site "http://www.queenalice.com/game.php?id=1447636"]
[Date "2016.11.3"]
[Round "-"]
[White "JMCanedo"]
[Black "Tadek"]
[Result "1-0"]
[WhiteElo "2293"]
[BlackElo "2270"]

1. e4 c5 2. Nf3 Nc6 3. d4 cxd4 4. Nxd4 Nf6 5. Nc3 a6 6. Nxc6 bxc6 7. e5 Nd5 8.
Nxd5 cxd5 9. Qxd5 Rb8 10. e6 dxe6 11. Qxd8+ Kxd8 12. Bf4 Ra8 13. Be2 Bb7 14. O-O
g6 15. Rfd1+ Kc8 16. Be5 Rg8 17. Rd3 Bg7 18. Rc3+ Kd8 19. Rd1+ Ke8 20. Bxg7 Rxg7
21. Rc7 1-0

[Event "Challenge"]
[Site "http://www.queenalice.com/game.php?id=1449676"]
[Date "2016.11.13"]
[Round "-"]
[White "zugzwangskie"]
[Black "JMCanedo"]
[Result "1-0"]
[WhiteElo "2405"]
[BlackElo "2298"]

1. e4 e6 2. d3 d5 3. Nd2 c5 4. Ngf3 Nc6 5. g3 Bd6 6. Bg2 Nge7 7. O-O O-O 8. Re1
Qc7 9. c3 Bd7 10. a3 a5 11. d4 cxd4 12. cxd4 Qb6 13. e5 Bb8 14. Nb3 Rc8 15. Nc5
Be8 16. Na4 Qa7 17. Nc3 Nf5 18. Be3 Nce7 19. Bf1 Qb6 20. Qd2 Ba7 21. Bd3 h6 22.
g4 Nxe3 23. fxe3 Rc6 24. g5 h5 25. Nh4 Rac8 26. Rf1 Qd8 27. Qf2 g6 28. Bb5 Rb6
29. Qf4 Kg7 30. Qf6+ Kg8 31. Rf2 Nc6 32. Qf4 Qe7 33. Raf1 Kh7 34. a4 Kg7 35. Ng2
Kg8 36. Qg3 Qf8 37. Rf6 Qg7 38. Qf2 Bb8 39. Nf4 Bc7 40. e4 1-0

[Event "Challenge"]
[Site "http://www.queenalice.com/game.php?id=1449823"]
[Date "2016.11.13"]
[Round "-"]
[White "zugzwangkid"]
[Black "JMCanedo"]
[Result "0-1"]
[WhiteElo "2243"]
[BlackElo "2289"]

1. d4 Nf6 2. c4 g6 3. Nc3 Bg7 4. e4 d6 5. Nf3 O-O 6. Be2 e5 7. O-O Nc6 8. Be3
Ng4 9. Bg5 f6 10. Bh4 g5 11. Bg3 Nh6 12. dxe5 dxe5 13. h3 Qxd1 14. Raxd1 Be6 15.
Nd5 Rf7 16. Rd2 a5 17. Ne1 Rd7 18. Nd3 b6 19. Bh5 f5 20. f3 a4 21. Kh2 Rf8 22.
Re1 Nf7 23. Rdd1 fxe4 24. fxe4 Na5 25. Bxf7+ Kxf7 26. c5 Bxd5 27. exd5 Re8 28.
Rf1+ Kg8 29. Nb4 bxc5 30. Na6 Bf8 31. Rc1 c4 32. Rf5 h6 33. Rxe5 Rxe5 34. Bxe5
Rxd5 35. Bxc7 Rb5 36. Rc2 Bg7 37. Bxa5 Rxa5 38. Nc7 Be5+ 0-1

[Event "Winawer?"]
[Site "http://www.queenalice.com/game.php?id=1465527"]
[Date "2017.2.20"]
[Round "-"]
[White "Paulzinho"]
[Black "JMCanedo"]
[Result "1/2-1/2"]
[WhiteElo "2278"]
[BlackElo "2300"]

1. e4 e6 2. d4 d5 3. Nc3 Bb4 4. e5 c5 5. a3 Bxc3+ 6. bxc3 Ne7 7. Qg4 Qc7 8. Bd3
cxd4 9. Ne2 dxc3 10. Qxg7 Rg8 11. Qxh7 Qxe5 12. h4 Nd7 13. Bf4 Qf6 14. Bg5 Qh8
15. Qxh8 Rxh8 16. Nxc3 a6 17. O-O-O f6 18. Be3 Ne5 19. Be2 Nf5 20. Bb6 Kf7 21.
h5 Bd7 22. g4 Nh6 23. f3 Rhc8 24. Bd4 Rc7 25. Kb2 Nc4+ 26. Bxc4 Rxc4 27. Be3
Rac8 28. Ne4 Rxc2+ 29. Kb1 Ke7 30. Nxf6 Kxf6 31. Bxh6 Kf7 32. g5 Kg8 33. g6 Rf2
34. Rdf1 Rxf1+ 35. Rxf1 d4 36. Rc1 e5 37. Rxc8+ Bxc8 38. Kc2 e4 39. fxe4 Bg4 40.
Kd3 Bxh5 41. g7 Kh7 42. Kxd4 Bf7 43. Be3 Kxg7 44. Kc5 Kf6 45. Bd4+ Ke6 46. Kb6
Bg6 47. Kxb7 1/2-1/2

[Event "Challenge"]
[Site "http://www.queenalice.com/game.php?id=1466443"]
[Date "2017.2.25"]
[Round "-"]
[White "JMCanedo"]
[Black "amaisi"]
[Result "1-0"]
[WhiteElo "2299"]
[BlackElo "2210"]

1. e4 c6 2. d4 d5 3. exd5 cxd5 4. c4 e6 5. Nc3 Nf6 6. Nf3 Bb4 7. Bd3 O-O 8. O-O
Nc6 9. Bg5 dxc4 10. Bxc4 h6 11. Bh4 a6 12. a3 Bd6 13. Qd3 b5 14. Ba2 Be7 15.
Rfe1 b4 16. Bb1 g6 17. axb4 Nxb4 18. Qe3 Kh7 19. Ne5 Nfd5 20. Bxe7 Qxe7 21. Qd2
Bb7 22. Ne4 Nc6 23. Nc5 Nxe5 24. Rxe5 Kg7 25. Ra3 Rac8 26. Rh3 Rh8 27. Rg3 Ba8
28. Bxg6 fxg6 29. Nxe6+ Kf7 30. h4 Nf6 31. h5 1-0

[Event "Challenge"]
[Site "http://www.queenalice.com/game.php?id=1514212"]
[Date "2018.1.31"]
[Round "-"]
[White "JMCanedo"]
[Black "Paulzinho"]
[Result "1-0"]
[WhiteElo "2308"]
[BlackElo "2279"]

1. e4 c5 2. Nf3 d6 3. d4 cxd4 4. Nxd4 Nf6 5. Nc3 g6 6. Be3 Bg7 7. f3 O-O 8. Qd2
Nc6 9. O-O-O d5 10. Qe1 e5 11. Nxc6 bxc6 12. exd5 Nxd5 13. Bc4 Be6 14. Kb1 Rb8
15. Ne4 f5 16. Bxa7 Qe7 17. Bc5 Qb7 18. Bb3 fxe4 19. fxe4 Nf4 20. Bxf8 Bxb3 21.
cxb3 Rxf8 22. Qc3 Nxg2 23. Rd2 Nf4 24. Qc4+ Kh8 25. a4 Qc8 26. Rd6 Qg4 27. Rf1
1-0

[Event "Challenge"]
[Site "http://www.queenalice.com/game.php?id=1526500"]
[Date "2018.5.8"]
[Round "-"]
[White "JMCanedo"]
[Black "Paulzinho"]
[Result "1/2-1/2"]
[WhiteElo "2319"]
[BlackElo "2291"]

1. e4 c5 2. Nf3 d6 3. d4 cxd4 4. Nxd4 Nf6 5. Nc3 g6 6. Be3 Bg7 7. f3 O-O 8. Qd2
Nc6 9. O-O-O d5 10. Qe1 e5 11. Nxc6 bxc6 12. exd5 Nxd5 13. Bc4 Be6 14. Kb1 Rb8
15. Ne4 Qc7 16. Bc5 Rfd8 17. g4 h6 18. Rg1 a5 19. a4 Nf4 20. Bxe6 Nxe6 21. Bd6
Rxd6 22. Rxd6 Nc5 23. Rd2 Qb6 24. Qc1 Nxa4 25. c3 Nc5 26. Nxc5 Qxc5 27. Rgd1 Bf6
28. Qc2 Kg7 29. Re2 Rb7 30. Re4 Qb5 31. Qe2 1/2-1/2

[Event "Challenge"]
[Site "http://www.queenalice.com/game.php?id=1549474"]
[Date "2018.11.16"]
[Round "-"]
[White "Diadoco"]
[Black "JMCanedo"]
[Result "1-0"]
[WhiteElo "2276"]
[BlackElo "2318"]

1. c4 Nf6 2. Nc3 g6 3. g3 Bg7 4. Bg2 O-O 5. d4 d6 6. Nf3 Nc6 7. O-O e5 8. d5 Nb8
9. e4 a5 10. Be3 Na6 11. a3 Bd7 12. Rb1 a4 13. Nd2 Ng4 14. Nxa4 f5 15. h3 Nxe3
16. fxe3 Qg5 17. Rf3 f4 18. exf4 exf4 19. Kh2 Bxa4 20. Qxa4 fxg3+ 21. Rxg3 Be5
22. Nf1 Rxf1 23. Rxf1 Qxg3+ 24. Kh1 1-0

[Event "AUTO-ELITE-2092"]
[Site "http://www.queenalice.com/game.php?id=1562225"]
[Date "2019.2.25"]
[Round "1"]
[White "BEBADO"]
[Black "JMCanedo"]
[Result "0-1"]
[WhiteElo "2232"]
[BlackElo "2316"]

1. e4 e6 2. d4 d5 3. Nc3 Bb4 4. e5 c5 5. a3 Bxc3+ 6. bxc3 Ne7 7. Qg4 cxd4 8.
Qxg7 Rg8 9. Qxh7 Qc7 10. Ne2 Nbc6 11. f4 dxc3 12. Qd3 d4 13. Nxd4 Nxd4 14. Qxd4
Bd7 15. Qf2 Bc6 16. Rg1 Qa5 17. Be3 O-O-O 18. g4 Qa4 19. Rg3 Rd7 20. Bd3 Nd5 21.
h4 Nb4 22. h5 Rxd3 0-1

[Event "AUTO-ELITE-2092"]
[Site "http://www.queenalice.com/game.php?id=1562226"]
[Date "2019.2.25"]
[Round "1"]
[White "JMCanedo"]
[Black "BEBADO"]
[Result "1-0"]
[WhiteElo "2305"]
[BlackElo "2274"]

1. e4 c5 2. Nf3 e6 3. d4 cxd4 4. Nxd4 Nf6 5. Nc3 d6 6. Be3 a6 7. f3 b5 8. Qd2
Bb7 9. g4 h6 10. O-O-O Nbd7 11. h4 b4 12. Na4 d5 13. Bh3 dxe4 14. g5 Nd5 15. g6
1-0

[Event "AUTO-ELITE-2092"]
[Site "http://www.queenalice.com/game.php?id=1562231"]
[Date "2019.2.25"]
[Round "1"]
[White "Diemerlin"]
[Black "JMCanedo"]
[Result "0-1"]
[WhiteElo "2204"]
[BlackElo "2335"]

1. e4 e6 2. d4 d5 3. Nd2 Nf6 4. e5 Nfd7 5. Bd3 c5 6. c3 Nc6 7. Ngf3 g6 8. h4 h6
9. Nb1 Qb6 10. Bc2 Bg7 11. a4 a6 12. O-O h5 13. Na3 O-O 14. Rb1 cxd4 15. cxd4
Nb4 16. Bg5 Re8 17. Qd2 Nb8 0-1

[Event "AUTO-ELITE-2092"]
[Site "http://www.queenalice.com/game.php?id=1562232"]
[Date "2019.2.25"]
[Round "1"]
[White "JMCanedo"]
[Black "Diemerlin"]
[Result "1-0"]
[WhiteElo "2326"]
[BlackElo "2213"]

1. e4 d5 2. exd5 Nf6 3. d4 Bg4 4. Bb5+ c6 5. dxc6 Nxc6 6. Nf3 Qb6 7. Nc3 O-O-O
8. Bxc6 Qxc6 9. h3 Bxf3 10. Qxf3 Rxd4 11. Be3 Rd6 12. Qg3 e5 13. O-O Nd7 14.
Rad1 Rg6 15. Qh2 Bd6 16. Rd2 Nb6 17. Bxb6 1-0

[Event "Challenge"]
[Site "http://www.queenalice.com/game.php?id=1569027"]
[Date "2019.4.28"]
[Round "-"]
[White "Paulzinho"]
[Black "JMCanedo"]
[Result "1-0"]
[WhiteElo "2395"]
[BlackElo "2365"]

1. e4 e6 2. d4 d5 3. Nc3 Bb4 4. e5 c5 5. a3 Bxc3+ 6. bxc3 Ne7 7. Qg4 Qc7 8. Bd3
c4 9. Be2 Nf5 10. Bd1 Nc6 11. Ne2 O-O 12. O-O f6 13. f4 Bd7 14. Qh3 fxe5 15.
fxe5 Qb6 16. a4 a5 17. g4 Nfe7 18. Qg3 Ng6 19. Ba3 Rxf1+ 20. Kxf1 Qd8 21. Nf4
Nxf4 22. Qxf4 Qe8 23. g5 Ne7 24. Bg4 Ng6 25. Qf2 Bxa4 26. Kg2 Bd7 27. Bh5 Nf4+
28. Qxf4 Qxh5 29. Rf1 Qe8 30. Rf2 Ba4 31. Kh1 Kh8 32. Qf3 b6 33. h4 b5 34. Bc5
Qd8 35. Qg4 Qg8 36. h5 Rb8 37. Bd6 Ra8 38. g6 h6 39. Be7 Re8 40. Bf6 Rf8 41. Qf4
1-0

[Event "AUTO-ELITE-2092"]
[Site "http://www.queenalice.com/game.php?id=1573191"]
[Date "2019.6.3"]
[Round "2"]
[White "JMCanedo"]
[Black "Sexxy_Bunny"]
[Result "1/2-1/2"]
[WhiteElo "2354"]
[BlackElo "2779"]

1. e4 e6 2. d4 d5 3. Nd2 Nf6 4. e5 Nfd7 5. Bd3 c5 6. c3 Nc6 7. Ne2 cxd4 8. cxd4
f6 9. exf6 Nxf6 10. Nf3 Bd6 11. O-O O-O 12. Bf4 Bxf4 13. Nxf4 Ne4 14. Ne2 Rxf3
15. gxf3 Ng5 16. Kh1 e5 17. Qb3 Kh8 18. Bc2 Qf8 19. f4 exf4 20. f3 Qf7 21. Rf2
Bh3 22. Rg1 h6 23. Qd3 Nb4 24. Qg6 Nxc2 25. Rxg5 Qxg6 26. Rxg6 Rf8 27. Rd6 Ne3
28. Ng1 Bc8 29. h4 Nf5 30. Rxd5 Nxh4 31. Ra5 a6 32. Rc2 Bf5 33. Rc7 Rd8 34. d5
b5 35. Rxa6 Rxd5 36. Raa7 Rd1 37. Kh2 Rd2+ 38. Kh1 Bh3 39. Rf7 Bg2+ 40. Kh2 Bf1+
41. Kh1 Bg2+ 42. Kh2 Bf1+ 43. Kh1 Bg2+ 1/2-1/2

[Event "AUTO-ELITE-2092"]
[Site "http://www.queenalice.com/game.php?id=1573192"]
[Date "2019.6.3"]
[Round "2"]
[White "Sexxy_Bunny"]
[Black "JMCanedo"]
[Result "1/2-1/2"]
[WhiteElo "2786"]
[BlackElo "2343"]

1. e4 e6 2. d4 d5 3. Nc3 Bb4 4. e5 Ne7 5. a3 Bxc3+ 6. bxc3 c5 7. Qg4 Qc7 8. Qxg7
Rg8 9. Qxh7 cxd4 10. Ne2 Nbc6 11. f4 dxc3 12. Qd3 Bd7 13. Rb1 d4 14. Rg1 O-O-O
15. Nxd4 Nxd4 16. Qxd4 Bb5 17. Qxa7 Bxf1 18. Kxf1 Qc4+ 19. Kf2 Qe4 20. Qc5+ Kb8
21. Be3 Nf5 22. Qa7+ Kc8 23. Qa8+ Kc7 24. Qa5+ Kb8 25. Ba7+ Ka8 26. Bb6+ Kb8 27.
Ba7+ Ka8 28. Bb6+ Kb8 29. Ba7+ 1/2-1/2